000 00452nam a2200097Ia 4500
008 180130s9999 xx 000 0 und d
245 _cMenendez, Phil Almond; Menendez, Maria C. Gonzalez
_aThe changing nature of HRM, organizational change and globalization
260 _c2014
300 _aBook title: International human resource management : an employment relations perspective--Acession number C18843; pages 37-56
650 _aHUMAN RESOURCE MANAGEMENT
999 _c353680
_d353680